The Constitution and the conduct of foreign policy : (Record no. 3811)

MARC details
000 -LEADER
fixed length control field 01297cam a2200313 i 4500
001 - CONTROL NUMBER
control field 1744480
003 - CONTROL NUMBER IDENTIFIER
control field OSt
005 - DATE AND TIME OF LATEST TRANSACTION
control field 20230704131951.0
008 - FIXED-LENGTH DATA ELEMENTS--GENERAL INFORMATION
fixed length control field 751202s1976 nyu b 001 0 eng
010 ## - LIBRARY OF CONGRESS CONTROL NUMBER
LC control number 75023999
020 ## - INTERNATIONAL STANDARD BOOK NUMBER
Terms of availability $12.50.
International Standard Book Number 0275894800
Terms of availability $4.95
040 ## - CATALOGING SOURCE
Original cataloging agency DLC
Transcribing agency DLC
Modifying agency DLC
043 ## - GEOGRAPHIC AREA CODE
Geographic area code n-us---
050 00 - LIBRARY OF CONGRESS CALL NUMBER
Classification number KF4651.A5
Item number C6
082 00 - DEWEY DECIMAL CLASSIFICATION NUMBER
Classification number 353.008/92
Item number WIL
245 04 - TITLE STATEMENT
Title The Constitution and the conduct of foreign policy :
Remainder of title an inquiry by a panel of the American Society of International Law /
Statement of responsibility, etc. edited by Francis O. Wilcox, Richard A. Frank ; published under the auspices of the American Society of International Law.
260 ## - PUBLICATION, DISTRIBUTION, ETC. (IMPRINT)
Place of publication, distribution, etc. New York :
Name of publisher, distributor, etc. Praeger,
Date of publication, distribution, etc. 1976.
300 ## - PHYSICAL DESCRIPTION
Extent xiv, 145 p. ;
Dimensions 24 cm.
490 0# - SERIES STATEMENT
Series statement Praeger special studies in U.S. economic, social, and political issues
504 ## - BIBLIOGRAPHY, ETC. NOTE
Bibliography, etc Includes bibliographical references and index.
650 #0 - SUBJECT ADDED ENTRY--TOPICAL TERM
Topical term or geographic name as entry element Constitutional law
Geographic subdivision United States.
650 #0 - SUBJECT ADDED ENTRY--TOPICAL TERM
Topical term or geographic name as entry element War and emergency powers
Geographic subdivision United States.
651 #0 - SUBJECT ADDED ENTRY--GEOGRAPHIC NAME
Geographic name United States
General subdivision Foreign relations
-- Law and legislation.
700 1# - ADDED ENTRY--PERSONAL NAME
Personal name Wilcox, Francis O.
Fuller form of name (Francis Orlando),
Dates associated with a name 1908-1985.
700 1# - ADDED ENTRY--PERSONAL NAME
Personal name Frank, Richard A.
Fuller form of name (Richard Anthony),
Dates associated with a name 1911-
710 2# - ADDED ENTRY--CORPORATE NAME
Corporate name or jurisdiction name as entry element American Society of International Law.
906 ## - LOCAL DATA ELEMENT F, LDF (RLIN)
a 7
b cbc
c orignew
d 1
e ocip
f 19
g y-gencatlg
942 ## - ADDED ENTRY ELEMENTS (KOHA)
Source of classification or shelving scheme Dewey Decimal Classification
Koha item type Books
Holdings
Withdrawn status Lost status Source of classification or shelving scheme Damaged status Not for loan Home library Current library Date acquired Total Checkouts Full call number Barcode Date last seen Price effective from Koha item type
    Dewey Decimal Classification     County Hall Archives County Hall Archives 07/04/2023   353.008/92 WIL 10000254 07/04/2023 07/04/2023 Books
LIBRARY OPENING HOURS

When the Parliament is sitting: 8.00a.m - 7.00p.m or until the house adjourns
Mondays and Fridays and when the House is on Recess:  8.00a.m - 5.00p.m
Closed on Weekends and Public Holidays

Online Public Access Catalog (OPAC)
Website: http://www.parliament.go.ke
Bunge Library: https://libraryir.parliament.go.ke
Contact: library@parliament.go.ke | Tel no: (254-2)2221291 or 2848000 Ext 5043